Basic and Intermediate Accounting (Record no. 1101)

MARC details
000 -LEADER
fixed length control field 00654nam a2200145 4500
020 ## - INTERNATIONAL STANDARD BOOK NUMBER
ISBN 9988762305
050 ## - CALL NUMBER
Classification number HF 5636
100 ## - AUTHOR
Personal name Gavor N. K. D. S.
245 ## - TITLE
Title Basic and Intermediate Accounting
250 ## - EDITION
Edition statement vol 1
260 ## - PUBLICATION INFORMATION
Place of publication Accra
Name of publisher Gavor Consult International Limited
Year of publication 2002
300 ## - DESCRIPTION
Number of Pages ii, 151 pg
505 ## - FORMATTED CONTENTS NOTE
Table of Content definitions, purposes and limitations of accounting<br/>The theory of Double entry<br/>The sequence of recording<br/>The cash Book<br/>The trial balance<br/>The final Accounts<br/>Adjustments in the final accounts<br/>Bad debts and provision for bad and doubtful debts<br/>Accounting for depreciation<br/>Theoretical framework of accounting
942 ## - ADDED ENTRY ELEMENTS (KOHA)
Koha item type Books
Holdings
Withdrawn status Lost status Home library Current library Shelving location Date acquired Full call number Accession Number Koha item type Collection code
    Methodist University Library Main Methodist University Library Main General Stacks 01/06/2003 HF 5636 18620 Books  
    Methodist University Library Main Methodist University Library Main General Stacks 01/06/2003 HF 5636 18621 Books Reference
Copyright © 2026  MUG Library